Biblical preaching : (Record no. 9983)

MARC details
000 -LEADER
fixed length control field 01421nam a2200337 i 4500
001 - CONTROL NUMBER
control field 6982350
003 - CONTROL NUMBER IDENTIFIER
control field OCoLC
005 - DATE AND TIME OF LATEST TRANSACTION
control field 20241126110723.0
008 - FIXED-LENGTH DATA ELEMENTS--GENERAL INFORMATION
fixed length control field 801030s1980 miu b 001 0 eng
010 ## -
-- 80066776
020 ## - INTERNATIONAL STANDARD BOOK NUMBER
International Standard Book Number 0801077001
020 ## - INTERNATIONAL STANDARD BOOK NUMBER
International Standard Book Number 9780801077005
035 ## - SYSTEM CONTROL NUMBER
System control number tcgc215077
035 ## - SYSTEM CONTROL NUMBER
System control number (OCoLC)06982350
Canceled/invalid control number (OCoLC)692255906
-- (OCoLC)1244464858
040 ## - CATALOGING SOURCE
Original cataloging agency DLC
Language of cataloging eng
Description conventions rda
Transcribing agency DLC
Modifying agency m.c.
-- ATO
050 00 -
-- BV4211.2
-- .R59
082 00 - DEWEY DECIMAL CLASSIFICATION NUMBER
Classification number 251
Edition information 19
Item number ROB
100 1# - MAIN ENTRY--PERSONAL NAME
Personal name Robinson, Haddon W.
Authority record control number or standard number https://id.loc.gov/authorities/names/n80128793
9 (RLIN) 1464
245 10 - TITLE STATEMENT
Title Biblical preaching :
Remainder of title the development and delivery of expository messages /
Statement of responsibility, etc. Haddon W. Robinson.
264 #1 - PRODUCTION, PUBLICATION, DISTRIBUTION, MANUFACTURE, AND COPYRIGHT NOTICE
Place of production, publication, distribution, manufacture Grand Rapids, Mich. :
Name of producer, publisher, distributor, manufacturer Baker Book House,
Date of production, publication, distribution, manufacture, or copyright notice [1980]
264 #4 - PRODUCTION, PUBLICATION, DISTRIBUTION, MANUFACTURE, AND COPYRIGHT NOTICE
Date of production, publication, distribution, manufacture, or copyright notice ℗♭1980
300 ## - PHYSICAL DESCRIPTION
Extent 230 pages ;
Dimensions 24 cm
336 ## - CONTENT TYPE
Content type term text
Content type code txt
Source rdacontent
337 ## - MEDIA TYPE
Media type term unmediated
Media type code n
Source rdamedia
338 ## - CARRIER TYPE
Carrier type term volume
Carrier type code nc
Source rdacarrier
500 ## - GENERAL NOTE
General note Includes indexes.
504 ## - BIBLIOGRAPHY, ETC. NOTE
Bibliography, etc. note Includes bibliographical references (pages 221-224).
505 0# - FORMATTED CONTENTS NOTE
Formatted contents note The case for expository preaching -- What's the big idea? -- Tool of the trade -- The road from text to sermon -- The power of purpose -- The shapes sermons take -- Making dry bones live -- Start with a bang and quit all over -- The dress of thought -- How to preach so people will listen.
650 #0 - SUBJECT ADDED ENTRY--TOPICAL TERM
Topical term or geographic name entry element Preaching.
Authority record control number or standard number https://id.loc.gov/authorities/subjects/sh85106171
9 (RLIN) 404
942 ## - ADDED ENTRY ELEMENTS (KOHA)
Source of classification or shelving scheme Dewey Decimal Classification
Koha item type Books
Holdings
Withdrawn status Lost status Source of classification or shelving scheme Damaged status Not for loan Home library Current Library Shelving location Date acquired Total checkouts Full call number Barcode Date last seen Date last checked out Copy number Price effective from Koha item type
    Dewey Decimal Classification     GRACE BIBLE COLLEGE GRACE BIBLE COLLEGE Ministry & Mission 2023-11-25 3 251 ROB 020651 2025-08-13 2025-08-06 c.1 2023-11-25 Books
© Grace Bible College Library 2025